Sikkh guru charitra:shodh ani bodh Khand-3 Guru Govind singh te Khalasaparva (Record no. 822761)

MARC details
000 -LEADER
fixed length control field 00688nam a2200217Ia 4500
008 - FIXED-LENGTH DATA ELEMENTS--GENERAL INFORMATION
fixed length control field 101110s9999 xx 000 0 und d
041 ## - LANGUAGE CODE
Language code of text/sound track or separate title MARATHI
082 ## - DEWEY DECIMAL CLASSIFICATION NUMBER
Item number SR30253
Classification number 891.4692
100 ## - MAIN ENTRY--PERSONAL NAME
Personal name Kamat Ashok Prabhakar
245 ## - TITLE STATEMENT
Title Sikkh guru charitra:shodh ani bodh Khand-3 Guru Govind singh te Khalasaparva
260 ## - PUBLICATION, DISTRIBUTION, ETC. (IMPRINT)
Date of publication, distribution, etc 2007
Name of publisher, distributor, etc Gurukul pratisthan,Pune
300 ## - PHYSICAL DESCRIPTION
Extent 456
365 ## - TRADE PRICE
Price amount 400
520 ## - SUMMARY, ETC.
Summary, etc Marathi
546 ## - LANGUAGE NOTE
Language note MARATHI
630 ## - SUBJECT ADDED ENTRY--UNIFORM TITLE
Uniform title Sikkh guru charitra:shodh ani bodh Khand-3 Guru Govind singh te Khalasaparva
650 ## - SUBJECT ADDED ENTRY--TOPICAL TERM
Topical term or geographic name as entry element Marathi
655 ## - INDEX TERM--GENRE/FORM
Genre/form data or focus term Marathi
730 ## - ADDED ENTRY--UNIFORM TITLE
Uniform title Sikkh guru charitra:shodh ani bodh Khand-3 Guru Govind singh te Khalasaparva
942 ## - ADDED ENTRY ELEMENTS (KOHA)
Koha item type Book
Holdings
Withdrawn status Lost status Damaged status Not for loan Home library Current library Shelving location Date acquired Source of acquisition Cost, normal purchase price Shelving control number Total Checkouts Barcode Date last seen Price effective from Koha item type
        D. B. J. College, Chiplun D. B. J. College, Chiplun     Gurukul pratishtan,Pune bill no.03 dt.10/12/07 400.00     DBJSR30253 11/11/2010 11/11/2010 Book